Регионална библиотека "Любен Каравелов" - Русе

Обичам да рисувам (Запис номер 212405)

MARC детайли
000 -Лидер
Контролно поле с фиксирана дължина nkm a22 a 4500
003 - Код на организацията, давaща контролен номер
Контролно поле BLK
005 - Дата и час на последна редакция
Контролно поле 20210212133640.0
008 - Елементи от данни с фиксирана дължина
fixed length control field 180413b bul rap|r|||| r0| ||bulo|
010 ## - Наследен системен номер
LC control number KNG00215227000
020 ## - Международен стандартен номер на книга ISBN
Международен стандартен номер на книга ISBN 978-619-151-317-8
040 ## - Източник на каталожния запис
Идентификатор на билиотеката - собственик на записа BLK
041 ## - Код за език
Код за езика на текст/звукозапис или на отделно заглавие Български
Код за езика КДБФ Български
072 #7 - Код за тематичната категория
Код организация bullib
Код за тематична категория Н70
Текст Изкуства Н
080 ## - УДК
Текстов определител УДК Рисуване. Общи въпроси
УДК код - определител по УДК 741
УДК определител (035)
УДК - код + определител 741(035)
139 ## - Редно поле
Редна дума Обичам да рисувам
Авторски знак Оби - О 13
245 10 - Сведения за заглавието
Заглавие Обичам да рисувам
Подзаглавни данни Животни и птици 2 : Иновативен самоучител за тониране с молив
Редно поле (дума) прев. Милена Радева.
257 ## - Страна на издаване
Страна на създаване/издаване България
260 ## - Област на издателските данни
Име на издателя, разпространителя и проч. СофтПрес
Година на издаване 2016
Място на издаване, разпространение и проч. София
300 ## - Физическа характеристика
Страници 32 с.
Илюстрации и др. с ил.
Размери/Мащаб 28 см
380 ## - Жанр
Жанр Изкуство
500 ## - Общи забележки
Забележка На кор. означено кн. 3. - Името на прев. отбелязано в изд. каре
650 #4 - Допълнително описание по предмет – тема
Основно описание – тема или топоним Рисуване - наръчници и ръководства
9 (RLIN) 342813
653 ## - Ключова дума – ненормативна
Ключова дума рисуване
653 ## - Ключова дума – ненормативна
Ключова дума наръчници
653 ## - Ключова дума – ненормативна
Ключова дума ръководства
659 ## - Тематичен бюлетин
Тематичен бюлетин Н
700 1# - Други автори (авторска отговорност)
Лично име Радева, Милена
Автороска отговорност (Описва отношението между автора и произведението) прев.
9 (RLIN) 369662
852 ## - Местоположение
Форматна сигнатура Цб ІІ 27941
Фондова буква Хранилище
856 4# - Електронен адрес и достъп
Електронен формат pdf - файл
Път до файла /url/
856 4# - Електронен адрес и достъп
Електронен формат pdf - файл
Път до файла /url/
999 ## - СИСТЕМНИ КОНТРОЛНИ НОМЕРА
Koha biblionumber 212405
Koha biblioitemnumber 212405
942 ## - АРТИКУЛИ
Вид на библиотечния материал Графични издания
Скрит в OPAC Не
Периодичен библиозапис Да
944 ## - СЪЗДАВАНЕ И РЕДАКЦИЯ на ЗАПИСА
Създаване/Редакция Създаване
Дата на регистрацията/редакция 23.12.2017
Служител, извършил регистрацията/редакцията Виолета_Тройчева
944 ## - СЪЗДАВАНЕ И РЕДАКЦИЯ на ЗАПИСА
Създаване/Редакция Редакция
Дата на регистрацията/редакция 13.02.2018
Служител, извършил регистрацията/редакцията Симона_Петрова
999 ## - СИСТЕМНИ КОНТРОЛНИ НОМЕРА
Koha biblioitemnumber 212405
Наличности
Код за отписване Код за изгубен артикул Източник на класификационната схема Код за повреда Коз за рестрикции Код за отдаване Артикулен № Име на библиотеката - собственик Име на библиотеката, в която се намира в момента Статус (Текущо местоположение) Дата на вписване в системата Местоположение - отдел Цена в лева Инвентарен номер Систематично азбучна сигнатура Баркод Номер на екземпляра Цена в евро Служебна бележка Служебен тип на артикула
  Не е изгубен Universal Decimal Classification Не е повреден само за читалня ползва се в читалня 364389 Регионална библиотека "Любен Каравелов" Русе Регионална библиотека "Любен Каравелов" Русе Хранилище 2018-01-03 Хранилище 4.95 120000818723 Цб ІІ 27941 120000818723 1 2.53 Дост: Dp Вид: Д N: 46 Дата: 19.10.2017 Графични издания
Vip Innovations Ltd, Rousse, Bulgaria 2025